{"text_format":"3","workbook":"xlsx","n_sheets":1,"sheets":["list"],"not_rendered":{"defined_names":8},"read":"whole","date_system":"1900"}

{"sheet":"list","index":0,"n_rows":18,"n_cols":20,"rows_kept":18}
["№","Код участника","Название ОУ","СНИЛС","Фамилия","Имя","Отчество","Пол","Дата рождения","Участник с ОВЗ","Класс","Класс участия","Первичный балл","Добавлено по итогам апелляций","Итоговый балл","Макс. Балл","Статус","Призер регионального / республиканского этапа прошлого года","Учитель","Место работы учителя"]
[1,"201002_17831248584_34","Муниципальное бюджетное общеобразовательное учреждение \"Средняя общеобразовательная школа №2 с углубленным изучением отдельных предметов\" Бавлинского муниципального района Республики Татарстан",17831248584,"Карачаров","Артем","Александрович","м","06.09.2013",null,5,5,10,null,{"$f":"M2+N2","v":10},100,"участник",null,"Подавалова Вера Васильевна","Муниципальное бюджетное общеобразовательное учреждение \"Средняя общеобразовательная школа №2 с углубленным изучением отдельных предметов\" Бавлинского муниципального района Республики Татарстан"]
[2,"201002_17351780678_34","Муниципальное бюджетное общеобразовательное учреждение \"Средняя общеобразовательная школа №2 с углубленным изучением отдельных предметов\" Бавлинского муниципального района Республики Татарстан",17351780678,"Гималутдинов","Наиль","Ирекович","м","10.11.2012",null,6,6,10,null,{"$f":"M3+N3","v":10},100,"участник",null,"Рамазанова Гульнара Вагизовна","Муниципальное бюджетное общеобразовательное учреждение \"Средняя общеобразовательная школа №2 с углубленным изучением отдельных предметов\" Бавлинского муниципального района Республики Татарстан"]
[3,"201003_18225294268_34","Муниципальное бюджетное общеобразовательное учреждение \"СОШ №3 имени Ю.А. Гагарина\" Бавлинского муниципального района Республики Татарстан",18225294268,"Дмитриева","Алиса","Дмитриевна","ж","03.07.2014",null,4,4,15,null,15,100,"участник",null,"Мухтасарова Альбина Линаресовна","Муниципальное бюджетное общеобразовательное учреждение \"СОШ №3 имени Ю.А. Гагарина\" Бавлинского муниципального района Республики Татарстан"]
[4,"203004_18185527092_34","Муниципальное бюджетное общеобразовательное учреждение \"Гимназия № 4\" Бавлинского муниципального района Республики Татарстан",18185527092,"Файзуллин","Тагир","Рамилевич","м","11.06.2014",null,4,4,25,null,25,100,"участник",null,"Миргазиянова Эльмира Габдулмазитовна","Муниципальное бюджетное общеобразовательное учреждение \"Гимназия № 4\" Бавлинского муниципального района Республики Татарстан"]
[5,"203004_17181879802_34","Муниципальное бюджетное общеобразовательное учреждение \"Гимназия № 4\" Бавлинского муниципального района Республики Татарстан",17181879802,"Сайфуллин","Рафис","Нафисович","м","28.04.2012",null,6,6,5,null,5,100,"участник",null,"Миннуллина Гулия Нуримановна","Муниципальное бюджетное общеобразовательное учреждение \"Гимназия № 4\" Бавлинского муниципального района Республики Татарстан"]
[6,"201005_18564017181_34","Муниципальное автономное общеобразовательное учреждение средняя общеобразовательная школа №5 Бавлинского муниципального района Республики Татарстан",18564017181,"Романова","Максим","Николаевич","м","09.11.2014",null,4,4,5,null,5,100,"участник",null,"Гареева Расима Мухаметзаяровна","Муниципальное автономное общеобразовательное учреждение средняя общеобразовательная школа №5 Бавлинского муниципального района Республики Татарстан"]
[7,"201005_17887370540_34","Муниципальное автономное общеобразовательное учреждение средняя общеобразовательная школа №5 Бавлинского муниципального района Республики Татарстан",17887370540,"Османов","Махмуд","Омарасхабович","м","12.10.2013",null,5,5,5,null,5,100,"участник",null,"Гиматдинова Айгуль Салаватовна","Муниципальное автономное общеобразовательное учреждение средняя общеобразовательная школа №5 Бавлинского муниципального района Республики Татарстан"]
[8,"201005_17474308385_34","Муниципальное автономное общеобразовательное учреждение средняя общеобразовательная школа №5 Бавлинского муниципального района Республики Татарстан",17474308385,"Заитов","Максим","Владимирович","м","07.12.2012",null,6,6,6,null,6,100,"участник",null,"Елохина Наталья Юлиевна","Муниципальное автономное общеобразовательное учреждение средняя общеобразовательная школа №5 Бавлинского муниципального района Республики Татарстан"]
[9,"201006_17646463403_34","Муниципальное бюджетное общеобразовательное учреждение \"Средняя общеобразовательная школа №6\" Бавлинского муниципального района Республики Татарстан",17646463403,"Сайфиева","Альфина","Флоридовна","ж","21.04.2013",null,5,5,12,null,12,100,"участник",null,"Арысланова Лилия Наилевна","Муниципальное бюджетное общеобразовательное учреждение \"Средняя общеобразовательная школа №6\" Бавлинского муниципального района Республики Татарстан"]
[10,"201006_17284297903_34","Муниципальное бюджетное общеобразовательное учреждение \"Средняя общеобразовательная школа №6\" Бавлинского муниципального района Республики Татарстан",17284297903,"Ягудин","Ильяс","Ильнурович","м","07.13.2012",null,6,6,10,null,10,100,"участник",null,"Коннова Татьяна Юрьевна","Муниципальное бюджетное общеобразовательное учреждение \"Средняя общеобразовательная школа №6\" Бавлинского муниципального района Республики Татарстан"]
[11,"201007_18091912680_34","Муниципальное бюджетное общеобразовательное учреждение \"Средняя общеобразовательная школа № 7\"",18091912680,"Пронин","Артур","Андреевич","м","19.03.2014",null,4,4,45,null,45,100,"участник",null,"Шайдуллина Аделина Ильназовна","Муниципальное бюджетное общеобразовательное учреждение \"Средняя общеобразовательная школа № 7\""]
[12,"201007_17599159943_34","Муниципальное бюджетное общеобразовательное учреждение \"Средняя общеобразовательная школа № 7\"",17599159943,"Низмутдинов","Ярослав","Эдуардович","м","12.03.2013",null,5,5,15,null,15,100,"участник",null,"Гильфанова Алия Дамировна","Муниципальное бюджетное общеобразовательное учреждение \"Средняя общеобразовательная школа № 7\""]
[13,"201007_17035178048_34","Муниципальное бюджетное общеобразовательное учреждение \"Средняя общеобразовательная школа № 7\"",17035178048,"Мирошкин","Артём","Константинович","м","03.02.2012",null,6,6,40,null,40,100,"участник",null,"Юмагулова Резидя Рашитовна","Муниципальное бюджетное общеобразовательное учреждение \"Средняя общеобразовательная школа № 7\""]
[14,"204011_17447937211_34","Муниципальное бюджетное общеобразовательное учреждение \"Кзыл-Ярская средняя общеобразовательная школа имени Ф.Г.Яруллина\"",17447937211,"Гимаева","Лейля","Муназдиловна","ж","18.11.2012",null,6,6,21,null,21,100,"участник",null,"Сахибуллина Савия Миневалиевна","Муниципальное бюджетное общеобразовательное учреждение \"Кзыл-Ярская средняя общеобразовательная школа имени Ф.Г.Яруллина\""]
[15,"202012_17578552322_34","Муниципальное бюджетное общеобразовательное учреждение \"Крым-Сарайская основная общеобразовательная школа имени М.П. Панарина\" Бавлинского муниципального района Республики Татарстан",17578552322,"Теребенин","Степан","Александрович","м","11.03.2013",null,5,5,20,null,20,100,"участник",null,"Астафьева Елена Анатольевна","Муниципальное бюджетное общеобразовательное учреждение \"Крым-Сарайская основная общеобразовательная школа имени М.П. Панарина\" Бавлинского муниципального района Республики Татарстан"]
[16,"204014_17447936512_34","Муниципальное бюджетное общеобразовательное учреждение \"Новочутинская основная общеобразовательная школа\" Бавлинского муниципального района Республики Татарстан",17447936512,"Идиятуллин","Самат","Динарисович","м","13.11.2012",null,5,5,20,null,20,100,"участник",null,"Миргалимов Ахать Асгатович","Муниципальное бюджетное общеобразовательное учреждение \"Новочутинская основная общеобразовательная школа\" Бавлинского муниципального района Республики Татарстан"]
[17,"204014_17367426393_34","Муниципальное бюджетное общеобразовательное учреждение \"Новочутинская основная общеобразовательная школа\" Бавлинского муниципального района Республики Татарстан",17367426393,"Лутфуллин","Айнур","Ильнурович","м","11.09.2012",null,6,6,0,null,0,100,"участник",null,"Миргалимов Ахать Асгатович","Муниципальное бюджетное общеобразовательное учреждение \"Новочутинская основная общеобразовательная школа\" Бавлинского муниципального района Республики Татарстан"]